000 00677nam a22001697a 4500
008 150416b xxu||||| |||| 00| 0 eng d
020 _a9780892361793
050 _aN350.G37 1990
100 _aGardner, Howard
_917220
245 _aArt education and human development:
_c/by Howard Gardner
_ban essay commissioned by the J. Paul Getty Center for Education in the Arts
260 _aLos Angels
_bGetty Publications
_c1990
300 _axiii, 63p. ;
_c27cm.
440 _aGetty Center for Education in the Arts
_pOccasional paper
_917340
_vvol. 3
650 _aArt
_xStudy and teaching (elementary)
_917221
650 _aEducational psychology
_917222
942 _2lcc
_cMONOGRAPH
999 _c122677
_d122677